| 000 | 01135nam a22002897a 4500 | ||
|---|---|---|---|
| 005 | 20260121100239.0 | ||
| 008 | 250721s2004 xx 000 0 ara d | ||
| 020 | _a9990601439 | ||
| 041 | 1 |
_aara _hger |
|
| 082 | 1 | 4 |
_a338.27282 _b ن ه ا |
| 100 | 1 |
_aكامبيل، كولن _eمؤلف. |
|
| 245 | 1 | 0 |
_aنهاية عصر البترول / _cتاليف كولن كامبيل [وثلاثه اخرون] ؛ ترجمه د. عدنان عباس علي. |
| 264 | 3 | 1 |
_aالصفاة : _bالمجلس الوطني للثقافة و الفنون و الآداب، _c2004. |
| 300 | _a301 صفحه. | ||
| 490 | 0 |
_aعالم المعرفة ؛ _vرقم 307. |
|
| 650 | 1 | 7 | _aالنفط. |
| 650 | 1 | 7 | _aإستكشاف النفط. |
| 650 | 1 | 7 | _aالتنبؤات. |
| 650 | 1 | 7 | _aدراسات المستقبل. |
| 700 | 1 |
_aشيندلر، يورغ _eمؤلف. |
|
| 700 | 1 |
_aليزينبورس، فراوكه _eمؤلف. |
|
| 700 | 1 |
_aتسستيل، قيرنر _eمؤلف. |
|
| 700 | 1 |
_aعلي، عدنان عباس _eمترجم. |
|
| 830 | 0 | _aعالم المعرفة. | |
| 942 |
_2ddc _cBK |
||
| 999 |
_c104663 _d104663 |
||